[Event "II Weekend Accademia A Inverno"]
[Site "Roma ITA"]
[Date "2006.02.05"]
[Round "5"]
[White "Vocaturo, Daniele"]
[Black "Vuelban, Virgilio"]
[Result "1-0"]
[WhiteElo "2358"]
[BlackElo "2305"]
[PlyCount "109"]
[EventDate "2006.02.03"]

1. e4 e5 2. Nf3 Nc6 3. Bb5 a6 4. Ba4 Nf6 5. O-O b5 6. Bb3 Bb7 7. c3 Be7 8. d4
d6 9. Re1 O-O 10. Nbd2 h6 11. Nf1 Re8 12. Ng3 Bf8 13. h3 exd4 14. cxd4 Na5 15.
Bc2 c5 16. b3 cxd4 17. Bb2 Nc6 18. Nxd4 Nxd4 19. Qxd4 Rc8 20. Qd2 d5 21. exd5
Qxd5 22. Qxd5 Rxe1+ 23. Rxe1 Nxd5 24. Be4 Ba8 25. Nf5 Nb4 26. Bb1 Nd5 27. Be4
Rb8 28. Bxd5 Bxd5 29. Bxg7 Bxg7 30. Ne7+ Kf8 31. Nxd5 a5 32. Kf1 a4 33. Ke2
Re8+ 34. Ne3 axb3 35. axb3 Ra8 36. Rd1 Ra3 37. Nf5 Kg8 38. Rd3 Ra2+ 39. Rd2 Ra3
40. Nxg7 Kxg7 41. Rb2 Kf6 42. Kd3 Ke5 43. Kc3 h5 44. Kb4 Ra1 45. Kxb5 h4 46.
Kc4 Rg1 47. b4 Kd6 48. b5 Rxg2 49. b6 Rg8 50. b7 Rb8 51. f4 Kc7 52. Kc5 Rxb7
53. Rxb7+ Kxb7 54. Kd6 Kb6 55. f5 1-0

[Event "XXXVIII C.to Italiano a squadre A1"]
[Site "ITA"]
[Date "2006.02.12"]
[Round "1"]
[White "Capurro, Giuliano"]
[Black "Zoldan, Matteo"]
[Result "1/2-1/2"]
[WhiteElo "2142"]
[BlackElo "2119"]
[PlyCount "100"]
[EventDate "2006.02.12"]

1. e4 c5 2. d3 Nc6 3. c4 g6 4. Nc3 Bg7 5. g3 Nf6 6. Bg2 O-O 7. Nge2 a6 8. O-O
Rb8 9. Be3 d6 10. h3 b5 11. b3 Ne8 12. Rc1 Nc7 13. Qd2 Ne6 14. Bh6 Ned4 15.
Bxg7 Kxg7 16. Nxd4 Nxd4 17. f4 b4 18. Ne2 Nxe2+ 19. Qxe2 e5 20. Rf2 Qe7 21.
Rcf1 f6 22. Qe3 Bd7 23. g4 h6 24. Qg3 g5 25. fxe5 fxe5 26. Rxf8 Rxf8 27. Rxf8
Qxf8 28. Qf3 Qf4 29. Qxf4 exf4 30. Bf3 h5 31. Kf2 hxg4 32. hxg4 Kf6 33. Ke2 Ke5
34. Kd2 Kd4 35. Bd1 a5 36. Bf3 Ke5 37. Ke2 a4 38. Kd2 a3 39. Kc2 Kd4 40. Kd2
Ke5 41. Kc2 Be8 42. Kd2 Ba4 43. Bd1 Bd7 44. Bf3 Kd4 45. Bd1 Bc6 46. Bf3 Ba4 47.
Bd1 Bc6 48. Bf3 Ba4 49. Bd1 Bc6 50. Bf3 Ba4 1/2-1/2

[Event "XXXVIII C.to Italiano a squadre A1"]
[Site "ITA"]
[Date "2006.02.26"]
[Round "2"]
[White "Genocchio, Daniele"]
[Black "Malfagia, Andrea"]
[Result "1-0"]
[WhiteElo "2335"]
[BlackElo "2244"]
[PlyCount "113"]
[EventDate "2006.02.12"]

1. e4 e6 2. d3 c5 3. Nf3 Nc6 4. g3 d5 5. Qe2 Nge7 6. Bg2 g6 7. O-O Bg7 8. c3 b6
9. Re1 Ba6 10. e5 Qc7 11. Qd1 O-O 12. Bf4 Rac8 13. a3 d4 14. c4 Nb8 15. Nbd2
Nd7 16. Ne4 Nc6 17. Nd6 Rcd8 18. b4 Ncxe5 19. Nxe5 Nxe5 20. Rxe5 Bxe5 21. Bxe5
f6 22. Bf4 e5 23. Bh6 Rxd6 24. Bxf8 Kxf8 25. Qf3 Kg7 26. Rb1 Rd8 27. b5 Bc8 28.
Qc6 Qxc6 29. bxc6 Kf7 30. a4 Ke7 31. a5 bxa5 32. Rb5 Kd6 33. Rxa5 a6 34. Kf1
Re8 35. Ke2 e4 36. dxe4 Kxc6 37. f4 Kb6 38. Ra2 Bb7 39. Kd3 f5 40. e5 Bxg2 41.
Rxg2 h5 42. h3 Kc7 43. g4 fxg4 44. hxg4 h4 45. Rh2 Rh8 46. Rh3 a5 47. Ke4 a4
48. f5 g5 49. f6 Ra8 50. Ra3 Kd7 51. Kd5 d3 52. e6+ Ke8 53. Ke5 d2 54. Rd3 a3
55. f7+ Kf8 56. Kf6 Re8 57. e7+ 1-0

[Event "XXXVIII C.to Italiano a squadre A1"]
[Site "ITA"]
[Date "2006.02.26"]
[Round "2"]
[White "Ragonesi, Marcello"]
[Black "Mascellani, Marco"]
[Result "0-1"]
[WhiteElo "2151"]
[BlackElo "2270"]
[PlyCount "72"]
[EventDate "2006.02.12"]

1. Nf3 Nf6 2. g3 d5 3. Bg2 Bg4 4. c4 e6 5. Ne5 c6 6. Nxg4 Nxg4 7. cxd5 exd5 8.
e4 Nf6 9. e5 Nfd7 10. O-O d4 11. d3 Be7 12. Re1 Nc5 13. f4 g6 14. Bh3 Nbd7 15.
f5 gxf5 16. Bxf5 Qa5 17. Bd2 Qb6 18. b4 Ne6 19. Bxe6 fxe6 20. Qh5+ Kd8 21. Na3
Kc7 22. Nc4 Qb5 23. Qf7 Rae8 24. Re4 Qd5 25. a4 h5 26. Rf1 h4 27. g4 Rhf8 28.
Qh5 Rxf1+ 29. Kxf1 Rf8+ 30. Ke2 b5 31. axb5 cxb5 32. Na5 Qa2 33. Rxd4 Bxb4 34.
Nb3 Qb1 35. Rxb4 Qf1+ 36. Ke3 Rf3+ 0-1

[Event "XXXVIII C.to Italiano a squadre A1"]
[Site "ITA"]
[Date "2006.03.12"]
[Round "3"]
[White "Capurro, Giuliano"]
[Black "Pulito, Alberto"]
[Result "0-1"]
[WhiteElo "2142"]
[BlackElo "2222"]
[PlyCount "148"]
[EventDate "2006.02.12"]

1. e4 e6 2. d4 d5 3. Nd2 Nf6 4. e5 Nfd7 5. Ngf3 c5 6. c4 Nc6 7. cxd5 exd5 8.
dxc5 Bxc5 9. Nb3 Bb4+ 10. Bd2 Bxd2+ 11. Qxd2 Ndxe5 12. Nxe5 Nxe5 13. Bb5+ Nc6
14. O-O O-O 15. Rfe1 Qd6 16. Rad1 Be6 17. Bxc6 bxc6 18. Qd4 Rfe8 19. Re3 Bd7
20. Rde1 Rxe3 21. Rxe3 Be6 22. Nc5 Re8 23. Rg3 f6 24. Re3 Bf7 25. Rxe8+ Bxe8
26. f4 Qe7 27. Kf2 Bh5 28. Qe3 Kf7 29. b4 Qxe3+ 30. Kxe3 Ke7 31. Kd4 Kd6 32. a3
Bf7 33. g3 Be6 34. Nd3 Bf5 35. Nc5 g6 36. Ke3 Bg4 37. Kd2 Bc8 38. Ke3 a5 39.
Kd4 axb4 40. axb4 Bf5 41. Na4 Bc2 42. Nc5 Bf5 43. Na4 h6 44. h4 Bg4 45. Nc5 Bd1
46. Ke3 Bg4 47. Kd4 Be2 48. Ke3 Bb5 49. Kd4 Bc4 50. Ke3 g5 51. Kd4 Be2 52. Ke3
Bg4 53. Kd4 Bc8 54. Ke3 Ke7 55. Kd4 Kd6 56. Ke3 Kc7 57. Na4 Bf5 58. Kd4 Kd6 59.
Nc5 Bg4 60. Ke3 Ke7 61. Kd4 gxh4 62. gxh4 Kf7 63. Na6 Be2 64. Nb8 Bb5 65. f5
Ke7 66. Kc5 d4 67. Kxd4 Kd6 68. h5 Kc7 69. Kc5 Kxb8 70. Kd6 Be2 71. Ke6 Bxh5
72. Kxf6 Bg4 73. Kg6 Bxf5+ 74. Kxf5 Kb7 0-1

[Event "XXXVIII C.to Italiano a squadre A1"]
[Site "ITA"]
[Date "2006.03.12"]
[Round "3"]
[White "Faraoni, Enrico"]
[Black "Tizzoni, Lionello"]
[Result "1-0"]
[WhiteElo "2157"]
[BlackElo "2050"]
[PlyCount "115"]
[EventDate "2006.02.12"]

1. e4 e6 2. Qe2 c5 3. Nf3 Nc6 4. g3 g6 5. Bg2 Bg7 6. O-O d6 7. d3 Nge7 8. Re1
O-O 9. Nbd2 Rb8 10. h4 b5 11. h5 Ba6 12. Nf1 b4 13. Ne3 Nd4 14. Nxd4 cxd4 15.
Ng4 Qc7 16. hxg6 hxg6 17. Qd2 Rfc8 18. Qg5 Rb5 19. Nf6+ Kf8 20. Nh7+ Ke8 21.
Nf6+ Kd8 22. Qh4 Qc5 23. e5 dxe5 24. Ne4 Qb6 25. Bg5 Bf8 26. Qh7 f5 27. Qf7 Kd7
28. Nf6+ Kd6 29. Ne8+ Kd7 30. Nf6+ Kd6 31. Re2 Rbc5 32. Ne8+ Kd7 33. Nf6+ Kd6
34. Rae1 e4 35. Bxe4 fxe4 36. Nxe4+ Kc7 37. Bxe7 Bxe7 38. Qxe7+ Kb8 39. Nxc5
Qxc5 40. Qxc5 Rxc5 41. f3 Bb7 42. Kg2 Rf5 43. Rf2 Bd5 44. g4 Rf7 45. Kg3 Kc7
46. Rh1 Rg7 47. Kf4 Kd6 48. Kg5 Ke7 49. a3 bxa3 50. bxa3 e5 51. Re1 Kd6 52. Kf6
Rg8 53. Kg5 Rg7 54. f4 exf4 55. Rxf4 Kc5 56. Rf6 Rh7 57. Kxg6 Rh2 58. Re5 1-0

[Event "XXXVIII C.to Italiano a squadre A1"]
[Site "ITA"]
[Date "2006.03.12"]
[Round "3"]
[White "Piccardo, Marco"]
[Black "Molina, Fabrizio"]
[Result "1/2-1/2"]
[WhiteElo "2204"]
[BlackElo "2264"]
[PlyCount "94"]
[EventDate "2006.02.12"]

1. d4 d5 2. Nf3 Nf6 3. Bf4 g6 4. e3 Bg7 5. h3 O-O 6. Be2 c5 7. c3 Nc6 8. O-O
Qb6 9. Qb3 c4 10. Qxb6 axb6 11. Na3 Bf5 12. g4 Bd7 13. Nd2 Rfe8 14. Rfe1 h5 15.
gxh5 Nxh5 16. Bc7 Bxh3 17. Bxb6 Ra6 18. Bc7 e5 19. Nf3 exd4 20. exd4 Bh6 21.
Nxc4 dxc4 22. Bxc4 Raa8 23. d5 Rxe1+ 24. Rxe1 Rc8 25. d6 Bf4 26. b4 Nf6 27. b5
Nd8 28. Ne5 Bxe5 29. Rxe5 Be6 30. Bxd8 Rxd8 31. Bxe6 Re8 32. Bxf7+ Kxf7 33. Rc5
Rd8 34. Rc7+ Rd7 35. c4 Ke6 36. c5 Rxc7 37. dxc7 Kd7 38. c6+ bxc6 39. c8=Q+
Kxc8 40. bxc6 Kc7 41. Kg2 g5 42. Kf3 Kxc6 43. Ke3 Kd5 44. a4 Ke5 45. a5 g4 46.
f3 g3 47. f4+ Kf5 1/2-1/2

[Event "XXXVIII C.to Italiano a squadre A1"]
[Site "ITA"]
[Date "2006.03.12"]
[Round "3"]
[White "Rivello, Roberto"]
[Black "Albano, Marco"]
[Result "0-1"]
[WhiteElo "2269"]
[BlackElo "2226"]
[PlyCount "132"]
[EventDate "2006.02.12"]

1. e4 e5 2. Nf3 Nc6 3. Bb5 Nf6 4. O-O Bc5 5. Nxe5 Nxe5 6. d4 a6 7. Be2 Ba7 8.
dxe5 Nxe4 9. Bd3 Qh4 10. Qf3 d5 11. exd6 Nxd6 12. Nc3 Be6 13. Bf4 O-O-O 14. Ne4
Qg4 15. Nxd6+ cxd6 16. Be4 Qxf3 17. Bxf3 Bd4 18. c3 Be5 19. Bg5 Rd7 20. Rfd1 h6
21. Be3 g5 22. Bd5 Re8 23. a4 f5 24. a5 f4 25. Bb6 g4 26. Ra4 Bxd5 27. Rxd5
Bxc3 28. Rd1 Rde7 29. Rf1 Be5 30. g3 fxg3 31. hxg3 h5 32. b3 Kd7 33. Kg2 Rf7
34. Rh1 Rh8 35. Rc4 Ke6 36. Re1 Rhh7 37. Bd4 Rc7 38. Bxe5 dxe5 39. Rce4 Rc5 40.
b4 Rd5 41. f4 gxf3+ 42. Kxf3 Rf7+ 43. Ke3 Rg7 44. Kf3 Rd3+ 45. Kf2 Rg5 46. R1e3
Rxe3 47. Rxe3 Kd5 48. Rc3 Rg4 49. Rb3 Kc4 50. Re3 e4 51. Re1 Kxb4 52. Rb1+ Kxa5
53. Rxb7 h4 54. gxh4 Rxh4 55. Ke3 Ka4 56. Rb1 a5 57. Ra1+ Kb4 58. Rb1+ Kc4 59.
Ra1 Rh3+ 60. Kxe4 Kb4 61. Rg1 a4 62. Rg8 a3 63. Rb8+ Kc3 64. Ra8 Kb2 65. Rb8+
Rb3 66. Ra8 a2 0-1

[Event "XXXVIII C.to Italiano a squadre A1"]
[Site "ITA"]
[Date "2006.03.19"]
[Round "4"]
[White "Carli, Carlo"]
[Black "Zoldan, Matteo"]
[Result "1-0"]
[WhiteElo "2124"]
[BlackElo "2119"]
[PlyCount "69"]
[EventDate "2006.02.12"]

1. d4 Nf6 2. c4 g6 3. Nc3 Bg7 4. e4 d6 5. Nf3 O-O 6. h3 e5 7. d5 Na6 8. Bg5 Qe8
9. g4 Nd7 10. Qd2 Ndc5 11. Bh6 Bd7 12. Bxg7 Kxg7 13. O-O-O c6 14. dxc6 Bxc6 15.
Qe3 Qe7 16. a3 Nb3+ 17. Kb1 Nac5 18. Nd5 Bxd5 19. cxd5 a5 20. Bc4 a4 21. Bxb3
Nxb3 22. Nd2 Nc5 23. h4 b5 24. h5 Rab8 25. Rh3 g5 26. h6+ Kh8 27. Rc1 b4 28.
axb4 Rxb4 29. Rc4 Rb5 30. Rc3 Rfb8 31. Nc4 f6 32. f3 Qb7 33. Rh2 Qa6 34. Rhc2
Nb3 35. Nxd6 1-0

[Event "XXXVIII C.to Italiano a squadre A1"]
[Site "ITA"]
[Date "2006.04.23"]
[Round "5"]
[White "Pulito, Alberto"]
[Black "Zoldan, Matteo"]
[Result "0-1"]
[WhiteElo "2222"]
[BlackElo "2127"]
[PlyCount "88"]
[EventDate "2006.02.12"]

1. e4 c5 2. Nc3 Nc6 3. f4 g6 4. Nf3 Bg7 5. Bc4 e6 6. O-O Nge7 7. d3 d5 8. Bb3
d4 9. Ne2 Na5 10. Ba4+ Bd7 11. Bxd7+ Qxd7 12. Ne5 Qd8 13. Qe1 Nac6 14. Nxc6
Nxc6 15. Qg3 f5 16. Kh1 Qd7 17. Bd2 O-O 18. Ng1 e5 19. Nf3 fxe4 20. dxe4 Rae8
21. Rae1 b6 22. a3 a6 23. h4 Kh8 24. Bc1 Kg8 25. h5 exf4 26. Bxf4 gxh5 27. Bd6
Rf6 28. e5 Rg6 29. Qh2 Qg4 30. Nh4 Rg5 31. Rf4 Qe6 32. Nf3 Rg4 33. Ree4 Rxf4
34. Rxf4 Nxe5 35. Qxh5 Nxf3 36. Rxf3 Qe1+ 37. Kh2 Be5+ 38. Bxe5 Qxe5+ 39. Rg3+
Kh8 40. Qf7 b5 41. b3 Rc8 42. Kh3 c4 43. Kh4 d3 44. Qd7 Qf6+ 0-1

[Event "V Weekend Scacchi tra le Torri A"]
[Site "Melegnano ITA"]
[Date "2006.02.24"]
[Round "1"]
[White "Bonade', Massimo"]
[Black "Ranieri, Fabrizio"]
[Result "0-1"]
[WhiteElo "2046"]
[BlackElo "2248"]
[PlyCount "58"]
[EventDate "2006.02.24"]

1.d4 e6 2.c4 d5 3.Nc3 Nf6 4.Bg5 Be7 5.e3 O-O 6.Nf3 Nbd7 7.Rc1 c6 8.Qc2 a6 
9.cxd5 exd5 10.Bd3 Re8 11.O-O Nf8 12.a3 Ng6 13.b4 Bd6 14.e4 dxe4 15.Nxe4 
Be7 16.Be3 Nd5 17.Rfe1 a5 18.bxa5 Bxa3 19.Ra1 Rxa5 20.Bg5 Be7 21.Rxa5 Qxa5
22.Nd6 Rf8 23.Bxe7 Ndxe7 24.Bc4 Nd5 25.h4 Nxh4 26.Re5 Nxf3+ 27.gxf3 Qa1+ 
28.Kh2 Qxd4 29.Rh5 g6 0-1

[Event "V Weekend Scacchi tra le Torri A"]
[Site "Melegnano ITA"]
[Date "2006.02.24"]
[Round "1"]
[White "Lanzani, Giuliano"]
[Black "Castaldo, Folco"]
[Result "0-1"]
[WhiteElo "2056"]
[BlackElo "2363"]
[PlyCount "95"]
[EventDate "2006.02.24"]

1.e4 e6 2.d4 d5 3.Nc3 h6 4.Nge2 dxe4 5.Nxe4 Nf6 6.Nxf6+ Qxf6 7.Bf4 c5 8.
Be5 Qe7 9.c3 Nc6 10.Bg3 h5 11.f3 cxd4 12.Nxd4 Nxd4 13.Qxd4 Bd7 14.Bd3 Bc6 
15.Bh4 Qc5 16.Qxc5 Bxc5 17.b4 Be7 18.Bxe7 Kxe7 19.b5 Bd7 20.a4 Rac8 21.c4 
h4 22.Kf2 Rh5 23.g4 Rhc5 24.f4 g5 25.fxg5 Rxg5 26.Rhg1 Rgc5 27.g5 Rg8 28.
Rg4 Rcxg5 29.Rxh4 Rg2+ 30.Ke3 Rb2 31.Be4 b6 32.a5 Rb4 33.axb6 axb6 34.Bd3 
Bxb5 35.Ra7+ Bd7 36.Rh7 Rb3 37.Rb7 Rd8 38.c5 Kf6 39.Rxb6 Rxb6 40.cxb6 Rb8 
41.h4 Rxb6 42.h5 Rb3 43.Kd2 Bb5 44.Bc2 Rh3 45.Bd1 Bc6 46.Bg4 Rg3 47.Be2 
Bf3 48.h6 0-1

[Event "V Weekend Scacchi tra le Torri A"]
[Site "Melegnano ITA"]
[Date "2006.02.25"]
[Round "2"]
[White "Castaldo, Folco"]
[Black "Saccona, Silvano"]
[Result "1/2-1/2"]
[WhiteElo "2363"]
[BlackElo "2150"]
[PlyCount "29"]
[EventDate "2006.02.24"]

1.Nf3 d5 2.d4 c6 3.c4 e6 4.Nbd2 Nf6 5.g3 Qa5 6.Bg2 dxc4 7.O-O b5 8.e4 Be7 
9.e5 Nd5 10.Ne4 Qc7 11.Bg5 Bf8 12.b3 c3 13.a3 a5 14.Qc2 Ba6 15.Rfe1 
1/2-1/2

[Event "V Weekend Scacchi tra le Torri A"]
[Site "Melegnano ITA"]
[Date "2006.02.25"]
[Round "2"]
[White "Ranieri, Fabrizio"]
[Black "Ranola, Yves"]
[Result "0-1"]
[WhiteElo "2248"]
[BlackElo "2434"]
[PlyCount "89"]
[EventDate "2006.02.24"]

1.e4 c5 2.Nf3 g6 3.d4 cxd4 4.Nxd4 Bg7 5.Nc3 Nc6 6.Be3 Nf6 7.Bc4 O-O 8.Bb3 
a5 9.a4 Nb4 10.Ndb5 d6 11.h3 Bd7 12.O-O Bc6 13.f3 Nd7 14.Qd2 Nc5 15.Bc4 
Rc8 16.Na7 Ra8 17.Nab5 Qc8 18.Bd4 Bxb5 19.Nxb5 Nxe4 20.Bxf7+ Rxf7 21.fxe4 
Rxf1+ 22.Rxf1 Qxc2 23.Qxc2 Nxc2 24.Bxg7 Kxg7 25.Rc1 Nb4 26.Rc7 Kf6 27.Rxb7
Rc8 28.Nc3 e6 29.Rxh7 Nd3 30.Nb5 Ke5 31.Rg7 Rc1+ 32.Kh2 Nf4 33.Rf7 Rc2 34.
Nxd6 g5 35.Nb7 Rxg2+ 36.Kh1 Rxb2 37.Nxa5 Kxe4 38.Nc4 Rc2 39.Nd6+ Kf3 40.a5
Rc6 41.Nb5 Rc1+ 42.Kh2 Rc2+ 43.Kg1 Ra2 44.Ra7 Kg3 45.Kf1 0-1

[Event "V Weekend Scacchi tra le Torri A"]
[Site "Melegnano ITA"]
[Date "2006.02.25"]
[Round "3"]
[White "Cardini, Saverio"]
[Black "Ranieri, Fabrizio"]
[Result "1/2-1/2"]
[WhiteElo "2025"]
[BlackElo "2248"]
[PlyCount "68"]
[EventDate "2006.02.24"]

1.d4 e6 2.Nf3 Nf6 3.Bf4 d5 4.e3 Be7 5.h3 O-O 6.Bd3 c5 7.c3 Qb6 8.Qb3 c4 9.
Qxb6 axb6 10.Bc2 Nc6 11.a4 b5 12.Ne5 Nxe5 13.dxe5 Nd7 14.Nd2 Nc5 15.a5 b6 
16.a6 Bxa6 17.O-O Bb7 18.Nf3 Na6 19.b4 cxb3 20.Bxb3 Rfc8 21.Rfc1 b4 22.
cxb4 Bxb4 23.Nd4 Rxc1+ 24.Rxc1 Nc5 25.Rb1 Nd3 26.Bc2 Nxf4 27.Rxb4 Ng6 28.
Rxb6 Ba6 29.Bxg6 hxg6 30.Kh2 Bd3 31.Kg3 Be4 32.Rb7 Rc8 33.Ra7 Re8 34.Ra6 
Bd3 1/2-1/2

[Event "V Weekend Scacchi tra le Torri A"]
[Site "Melegnano ITA"]
[Date "2006.02.25"]
[Round "3"]
[White "Castrogiovanni, Carlo"]
[Black "Castaldo, Folco"]
[Result "0-1"]
[WhiteElo "2105"]
[BlackElo "2363"]
[PlyCount "84"]
[EventDate "2006.02.24"]

1.Nf3 e6 2.g3 f5 3.c4 Nf6 4.Bg2 Be7 5.d4 O-O 6.Nc3 d6 7.O-O a5 8.b3 Ne4 9.
Bb2 Qe8 10.Nd2 Nxc3 11.Bxc3 c6 12.f4 d5 13.Nf3 b6 14.e3 Nd7 15.Qd2 Ba6 16.
Rfc1 dxc4 17.bxc4 Bxc4 18.Bxa5 Bd5 19.Bb4 c5 20.dxc5 Nxc5 21.Nd4 Ne4 22.
Bxe4 Bxe4 23.Rc7 Rf7 24.Bxe7 Rxe7 25.Rac1 Rxc7 26.Rxc7 e5 27.fxe5 Qxe5 28.
Rc3 h6 29.a3 Bb7 30.Qa2+ Bd5 31.Qc2 Rf8 32.Qd3 Kh7 33.Nc6 Qe6 34.Nd4 Qg6 
35.Ne2 Be4 36.Qd2 Qg4 37.Nd4 Bd5 38.Qc2 Rf7 39.Qd3 Qh3 40.Qe2 Be4 41.Rb3 
Rc7 42.Qf1 Rc1 0-1

[Event "V Weekend Scacchi tra le Torri A"]
[Site "Melegnano ITA"]
[Date "2006.02.26"]
[Round "4"]
[White "Castaldo, Folco"]
[Black "Salvador, Roland"]
[Result "1/2-1/2"]
[WhiteElo "2363"]
[BlackElo "2402"]
[PlyCount "87"]
[EventDate "2006.02.24"]

1.e4 c5 2.Nf3 Nc6 3.Nc3 Nf6 4.d4 cxd4 5.Nxd4 e5 6.Ndb5 d6 7.Nd5 Nxd5 8.
exd5 Nb8 9.Qf3 a6 10.Qa3 b6 11.c4 Be7 12.Bd3 O-O 13.O-O f5 14.f4 Bb7 15.
Nc3 Nd7 16.b4 b5 17.cxb5 e4 18.Be2 Qb6+ 19.Kh1 axb5 20.Qb3 Bf6 21.Bb2 Ba6 
22.a4 Qe3 23.axb5 Bb7 24.Bc4 Nb6 25.Rac1 Rfc8 26.Rfe1 Qxe1+ 27.Rxe1 Nxc4 
28.Nxe4 fxe4 29.Bxf6 gxf6 30.Qg3+ Kh8 31.Qc3 Kg7 32.Qg3+ Kf7 33.Qh3 Bxd5 
34.Qxh7+ Ke8 35.Rxe4+ Bxe4 36.Qxe4+ Kd8 37.h4 Ra7 38.Qe6 Re7 39.Qxf6 Kd7 
40.Qf5+ Kc7 41.Qd5 Kd7 42.Qf5+ Kc7 43.Qd5 Kd7 44.Qf5+ 1/2-1/2

[Event "V Weekend Scacchi tra le Torri A"]
[Site "Melegnano ITA"]
[Date "2006.02.26"]
[Round "4"]
[White "Ranieri, Fabrizio"]
[Black "Castrogiovanni, Carlo"]
[Result "1/2-1/2"]
[WhiteElo "2248"]
[BlackElo "2105"]
[PlyCount "150"]
[EventDate "2006.02.24"]

1.e4 c5 2.Nf3 a6 3.d4 cxd4 4.Nxd4 Nf6 5.Nc3 e5 6.Nf3 Bb4 7.Bc4 O-O 8.O-O 
Bxc3 9.bxc3 Qc7 10.Qd3 b5 11.Bb3 Bb7 12.Ba3 Bxe4 13.Qd6 Qxd6 14.Bxd6 Re8 
15.Nxe5 Bd5 16.c4 bxc4 17.Nxc4 Be6 18.Rfd1 Ne4 19.Bb4 Nc6 20.Ba3 a5 21.Nb6
Ra7 22.f3 Nc3 23.Rd3 Ne2+ 24.Kf2 Nf4 25.Rd2 Nb4 26.g3 Ng6 27.c3 Nc6 28.
Rad1 Nb8 29.Bxe6 fxe6 30.Nxd7 Nxd7 31.Rxd7 Rxd7 32.Rxd7 Rc8 33.Bb2 Rb8 34.
Bc1 Rb1 35.Be3 Ne5 36.Rd2 a4 37.Bd4 Nc4 38.Re2 Kf7 39.f4 a3 40.Kf3 Rb2 41.
Rf2 Nd2+ 42.Ke3 Nc4+ 43.Kd3 Na5 44.Rxb2 axb2 45.Kc2 Nc4 46.a4 g6 47.a5 
b1=Q+ 48.Kxb1 Nxa5 49.Kc2 h5 50.Kd3 Ke7 51.Be5 Nc6 52.Kc4 Kd7 53.Kc5 Ne7 
54.c4 Nc6 55.Kb6 Ne7 56.Bf6 Nc6 57.Bb2 Ne7 58.Kc5 Nc6 59.Bf6 Na5 60.Kd4 
Nc6+ 61.Ke3 Ke8 62.Bc3 Kd7 63.Ke4 Ke7 64.Be5 Kd7 65.Kf3 Ke7 66.g4 hxg4+ 
67.Kxg4 Kf7 68.Bd6 Nd4 69.c5 Nc6 70.Kf3 Ke8 71.Ke4 Kf7 72.f5 exf5+ 73.Kd5 
Nb4+ 74.Kc4 Nc6 75.Kb5 Nd4+ 1/2-1/2

[Event "V Weekend Scacchi tra le Torri A"]
[Site "Melegnano ITA"]
[Date "2006.02.26"]
[Round "5"]
[White "Bonade', Massimo"]
[Black "Castaldo, Folco"]
[Result "1/2-1/2"]
[WhiteElo "2046"]
[BlackElo "2363"]
[PlyCount "42"]
[EventDate "2006.02.24"]

1.d4 e6 2.c4 f5 3.g3 Nf6 4.Bg2 Be7 5.Nf3 O-O 6.O-O Ne4 7.Nbd2 Bf6 8.Qc2 d5
9.e3 b6 10.b3 Bb7 11.Bb2 c6 12.Rad1 Nd7 13.Ne5 Rc8 14.f3 Nxd2 15.Rxd2 c5 
16.Nxd7 Qxd7 17.dxc5 Bxb2 18.Qxb2 Rxc5 19.e4 fxe4 20.fxe4 Rxf1+ 21.Bxf1 
Qe7 1/2-1/2

[Event "V Weekend Scacchi tra le Torri A"]
[Site "Melegnano ITA"]
[Date "2006.02.26"]
[Round "5"]
[White "Brigati, Alessandro"]
[Black "Ranieri, Fabrizio"]
[Result "0-1"]
[WhiteElo "2037"]
[BlackElo "2248"]
[PlyCount "78"]
[EventDate "2006.02.24"]

1.d4 e6 2.c4 d5 3.Nc3 Nf6 4.cxd5 exd5 5.Bg5 Be7 6.e3 O-O 7.Bd3 c6 8.Nge2 
Nbd7 9.O-O Re8 10.Qc2 Nf8 11.f3 Nh5 12.Bxe7 Qxe7 13.e4 Be6 14.e5 g6 15.g4 
Ng7 16.h3 Rec8 17.Ng3 c5 18.Qf2 Qh4 19.Kg2 cxd4 20.Qxd4 Bd7 21.Nxd5 Bc6 
22.Nf6+ Kh8 23.Nge4 Nfe6 24.Qe3 g5 25.Rh1 Nf4+ 26.Kf1 Nge6 27.Nd6 Qg3 28.
Rg1 Qxh3+ 29.Ke1 Qh2 30.Bf1 Bxf3 31.Qf2 Rc2 32.Qxh2 Rxh2 33.Rg3 Bc6 34.b4 
Kg7 35.b5 Bh1 36.Rc1 Rd8 37.Rgc3 Kg6 38.Rc8 Nd4 39.Rxd8 Nf3+ 0-1

[Event "VI Open Alta Padovana A"]
[Site "Loreggia ITA"]
[Date "2006.02.24"]
[Round "2"]
[White "Annoni, Riccardo"]
[Black "Valsecchi, Alessio"]
[Result "1-0"]
[WhiteElo "2075"]
[BlackElo "1984"]
[PlyCount "81"]
[EventDate "2006.02.24"]

1.e4 c5 2.Nc3 Nc6 3.g3 g6 4.Bg2 Bg7 5.d3 d6 6.Be3 Nf6 7.h3 O-O 8.Qd2 Rb8 
9.Nge2 b5 10.O-O b4 11.Nd1 a5 12.Bh6 a4 13.Bxg7 Kxg7 14.f4 Qb6 15.Ne3 Ba6 
16.Kh2 e6 17.g4 Nd7 18.f5 Nce5 19.Rf2 Rbc8 20.b3 Bb7 21.Raf1 d5 22.f6+ Kh8
23.exd5 exd5 24.Kg1 d4 25.Nd5 Bxd5 26.Bxd5 Qd6 27.Bg2 a3 28.Qh6 Rg8 29.g5 
Nf8 30.Nf4 Re8 31.Nd5 Nc6 32.Ne7 Nxe7 33.fxe7 Rxe7 34.Rxf7 Rxf7 35.Rxf7 
Qd8 36.Be4 Qd6 37.Kg2 Qd8 38.Bxg6 Qd5+ 39.Kf2 Qxf7+ 40.Bxf7 Rg7 41.Qf6 1-0

[Event "V Festival A"]
[Site "Torre del Greco ITA"]
[Date "2006.09.03"]
[Round "1"]
[White "De Carlo, Fabio"]
[Black "Malafronte, Agostino"]
[Result "0-1"]
[WhiteElo "1864"]
[BlackElo "1999"]
[PlyCount "70"]
[EventDate "2006.09.03"]

1. c4 e5 2. Nc3 f5 3. g3 Nf6 4. Bg2 c6 5. d3 Be7 6. e3 d6 7. Nge2 O-O 8. O-O
Na6 9. Rb1 Nc7 10. d4 Be6 11. d5 Ncxd5 12. Nxd5 cxd5 13. cxd5 Bd7 14. Qb3 Rb8
15. Nc3 g5 16. f4 gxf4 17. exf4 e4 18. Be3 b6 19. Rbc1 Rb7 20. Ne2 h5 21. Nd4
Ng4 22. Nc6 Qe8 23. Bd4 Bf6 24. Bxf6 Nxf6 25. a4 Kh7 26. a5 Rg8 27. a6 Rc7 28.
Nd4 Rc5 29. Rxc5 bxc5 30. Ne6 Bxe6 31. dxe6 d5 32. Qb7+ Rg7 33. Qb3 Qxe6 34.
Rd1 Qxa6 35. Bf1 Qb6 0-1

[Event "V Festival A"]
[Site "Torre del Greco ITA"]
[Date "2006.09.03"]
[Round "1"]
[White "Della Corte, Alessandro"]
[Black "Vanacore, Francesco"]
[Result "1-0"]
[WhiteElo "2205"]
[BlackElo "2055"]
[PlyCount "58"]
[EventDate "2006.09.03"]

1. d4 d5 2. Nf3 Nf6 3. c4 c6 4. e3 a6 5. Nc3 b5 6. b3 Bg4 7. Be2 e6 8. O-O Nbd7
9. h3 Bh5 10. Bb2 Bd6 11. Ne5 Bxe2 12. Nxe2 Qc7 13. cxd5 cxd5 14. Rc1 Qb8 15.
Nxd7 Nxd7 16. e4 dxe4 17. d5 e5 18. Ng3 e3 19. fxe3 Qb6 20. Qf3 O-O 21. Rc6 Qb8
22. Nf5 Bc7 23. Qg4 g6 24. Ne7+ Kg7 25. Qxd7 Bb6 26. Rxb6 Qxb6 27. Bxe5+ Kh6
28. Bd4 Qb8 29. Qg4 g5 1-0

[Event "V Festival A"]
[Site "Torre del Greco ITA"]
[Date "2006.09.03"]
[Round "1"]
[White "Manguso, Mauro"]
[Black "Piro, Valerio"]
[Result "1-0"]
[WhiteElo "2054"]
[BlackElo "2114"]
[PlyCount "57"]
[EventDate "2006.09.03"]

1. e4 c6 2. Ne2 d5 3. e5 Bf5 4. Ng3 Bg6 5. h4 h6 6. h5 Bh7 7. e6 fxe6 8. d4 Qd6
9. Bd3 e5 10. Bxh7 Rxh7 11. Qg4 Nd7 12. c3 O-O-O 13. O-O Ngf6 14. Qg6 e6 15. b3
Be7 16. Ba3 c5 17. dxc5 Nxc5 18. c4 dxc4 19. Nc3 Qd3 20. Bxc5 Bxc5 21. Nce4
Nxe4 22. Nxe4 Bd4 23. Qxh7 Bxa1 24. Rxa1 c3 25. Rc1 c2 26. Rxc2+ Kb8 27. Rc1
Rd4 28. Qxg7 a6 29. Qxe5+ 1-0

[Event "V Festival A"]
[Site "Torre del Greco ITA"]
[Date "2006.09.03"]
[Round "1"]
[White "Pinto, Gaetano"]
[Black "Balzano, Luigi"]
[Result "1-0"]
[WhiteElo "1979"]
[BlackElo "1781"]
[PlyCount "84"]
[EventDate "2006.09.03"]

1. d4 c6 2. c4 Nf6 3. Nc3 d6 4. e4 g6 5. f3 Bg7 6. Bg5 Qc7 7. Qd2 Nbd7 8. Nh3
e5 9. d5 c5 10. Be2 a6 11. a4 Qa5 12. O-O h6 13. Be3 Nf8 14. Nf2 g5 15. Nd3 Ng6
16. g3 Qd8 17. b4 cxb4 18. Nxb4 O-O 19. a5 Nd7 20. Na4 Kh7 21. Kh1 Qe7 22. Nd3
f5 23. c5 f4 24. Bg1 h5 25. cxd6 Qf6 26. Rac1 fxg3 27. hxg3 h4 28. Be3 hxg3 29.
Kg2 Nf4+ 30. Kxg3 Kg6 31. Rh1 Rh8 32. Rxh8 Bxh8 33. Rh1 Bg7 34. Bd1 b5 35. axb6
Bb7 36. Ndc5 Nxc5 37. Nxc5 Bxd5 38. exd5 Qxd6 39. b7 Rb8 40. Bc2+ Kf7 41. Be4
Rh8 42. Rb1 Bf6 1-0

[Event "V Festival A"]
[Site "Torre del Greco ITA"]
[Date "2006.09.03"]
[Round "1"]
[White "Sannino, Raffaele"]
[Black "Lamagna, Mario"]
[Result "0-1"]
[WhiteElo "2031"]
[BlackElo "1912"]
[PlyCount "98"]
[EventDate "2006.09.03"]

1. c4 g6 2. Nc3 Bg7 3. g3 c5 4. Bg2 Nc6 5. Nf3 Nf6 6. O-O O-O 7. b3 d6 8. Bb2
e5 9. Ne1 Ne8 10. Nc2 Nc7 11. Ne3 Rb8 12. Ned5 f5 13. e3 Be6 14. Nxc7 Qxc7 15.
Nb5 Qd8 16. d4 a6 17. Nxd6 Qxd6 18. d5 e4 19. Bxg7 Kxg7 20. dxc6 Qxc6 21. Qc2
Bg8 22. f3 exf3 23. Bxf3 Qe6 24. e4 Qe5 25. Rad1 Be6 26. Rfe1 f4 27. g4 g5 28.
Rd2 Rfd8 29. Red1 Rd4 30. Rxd4 cxd4 31. Qb2 Rd8 32. Rd3 h5 33. h3 hxg4 34. hxg4
Kg6 35. Rd2 b6 36. Kf1 Qf6 37. Qb1 Qe5 38. Qb2 Bc8 39. Kg1 Bb7 40. Rd1 Qh8 41.
Qg2 d3 42. e5 Bxf3 43. Qxf3 Qxe5 44. Rxd3 Qa1+ 45. Kf2 Qxa2+ 46. Ke1 Qb1+ 47.
Kd2 Qxd3+ 48. Qxd3+ Rxd3+ 49. Kxd3 Kf6 0-1